| 000 | 00560nam a22002052 4500 | ||
|---|---|---|---|
| 001 | 0000004263 | ||
| 005 | 20151021151103.0 | ||
| 008 | 070522s xx 000 0 eng d | ||
| 020 |
_a8122403786 : _cKES 405 |
||
| 040 |
_aKABU _cKABU |
||
| 050 | 0 |
_aHB172 _b.B37 |
|
| 100 | 1 |
_aBarthwal, R. R. _@0000154737 |
|
| 245 | 1 | 0 | _aMicroeconomic analysis. |
| 260 |
_aNew Delhi : _bNew Age, _c1992. |
||
| 300 | _axi, 445 p. | ||
| 650 | 0 |
_aMicroeconomics. _@0000149944 |
|
| 908 | _a070522 | ||
| 950 | _@1 | ||
| 999 |
_c518 _d518 |
||